US states by their popular dishes - Statistics

General Stats
  • This quiz has been taken 22 times
  • The average score is 15 of 20
Answer Stats
Picture Answer % Correct
Massachusetts
100%
California
94%
Florida
94%
Illinois
94%
Louisiana
94%
Pennsylvania
94%
Hawaii
88%
Arizona
82%
Maine
82%
New Mexico
82%
Oregon
76%
Delaware
65%
Kentucky
65%
Maryland
65%
Indiana
59%
Mississippi
59%
Virginia
59%
Missouri
53%
North Dakota
53%
Arkansas
47%
No matching quizzes found
Score Distribution
Percent of People with Each Score
Percentile by Number Answered
Your Score History
You have not taken this quiz